000 00356nam a2200145Ia 4500
008 230917s9999||||xx |||||||||||||| ||und||
040 _e39450
_aMAIN
041 _aEnglish
082 _a658.4 G959P
100 _aAhmad, Abad
245 0 _aProblems in management
260 _aBombay
_bAsia Publishing House
_c1970
300 _axii, 244 p.
942 _cBK
999 _c166342
_d166342